000
00296nam a22001457a 4500
008
210225b ||||| |||| 00| 0 eng d
020
_a
9780500092460
041
_a
eng
080
_a
7
082
_a
7
100
_a
44
101
_a
ART
245
_a
Claude Monet
_c
Monet. C
942
_2
udc
_c
BK
999
_c
55197
_d
55197